Detalles MARC
| 000 -ENCABEZADO |
| Número de control [NR] |
03132nam a22003977i 4500 |
| 001 - NÚMERO DE CONTROL |
| control field |
B-12206 |
| 003 - IDENTIFICADOR DE CONTROL NÚMERO |
| control field |
CO-BoFNCP |
| 007 - CAMPO DESCRIPCIÓN FÍSICA FIJA - INFORMACIÓN GENERAL |
| fixed length control field |
t|| |
| 008 - DE LONGITUD FIJA DE DATOS DE ELEMENTOS - INFORMACIÓN GENERAL |
| Elementos de longitud fija [NR] |
090820s2009 ck r spa d |
| 040 ## - FUENTE DE CATALOGACION [NR] |
| Agencia de catalogación original [NR] |
CO-BoFNCP |
| Idioma de catalogación [NR] |
Español |
| Quien Cataloga |
CO-BoFNCP |
| Convenciones de la descripción [NR] |
rda |
| 041 ## - CODIGO DE IDIOMA [R] |
| Código de idioma para texto/pista de sonido o título separado [R] |
Español |
| 043 ## - CODIGO DE AREA GEOGRAFICA [NR] |
| Código de área geográfica [R] |
ck |
| 084 ## - OTRO NUMERO DE CLASIFICACION [R] |
| Número clasificador [R] |
A- |
| 100 1# - ASIENTO PRINCIPAL--NOMBRE PERSONAL [NR] |
| Nombre personal [NR] |
Ariza, Josué G., |
| Término relacionador [R] |
autor. |
| Relator code |
aut |
| ID Autoridad |
41327 |
| 245 00 - MENCION DE TITULO [NR] |
| Título [NR] |
Relación entre los síntomas externos y el avance interno de la lesión causada por la pudrición del cogollo (PC) en palmas de vivero en Tumaco. |
| 264 #1 - PRODUCCIÓN, PUBLICACIÓN, DISTRIBUCIÓN, FABRICACIÓN Y COPYRIGHT |
| Producción, publicación, distribución, fabricación y copyright |
Palmira : |
| Nombre del de productor, editor, distribuidor, fabricante |
Ascolfi, |
| Fecha de producción, publicación, distribución, fabricación o copyright |
2009. |
| 300 ## - DESCRIPCION FISICA [R] |
| Extensión [R] |
páginas 35-38 : |
| Otros detalles físicos [NR] |
Tablas, gráficos, fotografías. |
| 336 ## - TIPO DE CONTENIDO |
| Término de tipo de contenido |
texto |
| Código de tipo de contenido |
txt |
| Fuente |
rdacontent |
| 337 ## - TIPO DE MEDIO |
| Nombre/término del tipo de medio |
sin mediación |
| Código del tipo de medio |
n |
| Fuente |
rdamedia |
| 338 ## - TIPO DE SOPORTE |
| Nombre/término del tipo de soporte |
volumen |
| Código del tipo de soporte |
nc |
| Fuente |
rdacarrier |
| 504 ## - NOTA DE BIBLIOGRAFIA, ETC. [R] |
| Nota de bibliografía, etc. [NR] |
Incluye referencias bibliográficas. |
| 520 ## - NOTA DE RESUMEN, ETC. [R] |
| Nota de sumario, etc. [NR] |
Utilizando la Escala de Severidad de la pudrición del cogollo de la palma de aceite, desarrollada por los investigadores de Cenipalma, se procedió a adelantar un estudio en el cual se estableció la relación entre cada uno de los grados de severidad y el avance de los síntomas en la zona del cogollo hacia el meristemo, en palmas de vivero de 12 a 18 meses de edad. Se identificaron 20 palmas por cada uno de los grados de severidad y se procedió a realizar la disección de cada una de ellas, identificando el sitio de avance de la pudrición y midiendo la distancia desde este sitio hasta la zona meristemática. Los resultados se sometieron a un análisis de varianza y pruebas de correlación de Pearson. Se determinó que existe una relación inversamente proporcional entre el grado de severidad y la distancia entre el sitio de avance de la PC en la zona del cogollo y la del meristemo. Los grados de severidad más bajos, 1 y 2 presentaron la mayor distancia hasta el meristemo, permitiendo entender el por qué las actividades de control de la enfermedad, por eliminación del tejido enfermo, tiene las mejores posibilidades de recuperación de las palmas, cuando se ponen en práctica las acciones de manejo y control de la PC recomendadas por Cenipalma. En grados de severidad más altos, el proceso de pudrición ha avanzado más hacia la zona meristemática, reduciendo las posibilidades de recuperación de las palmas, debido a la dificultad de retirar todo el tejido enfermo. Los resultados obtenidos confirman la estrecha relación entre los grados de severidad en la flecha más joven de más de 30 cm y el avance de la pudrición en la zona del cogollo y la utilidad de la escala de grados de severidad, en el diagnóstico y toma de medidas oportunas para el control de la enfermedad. |
| 650 #0 - ASIENTO SECUNDARIO DE MATERIA - TERMINO TEMATICO [R] |
| Término temático o nombre geográfico como elemento de entrada [NR] |
Diagnóstico. |
| 9 (RLIN) |
8293 |
| 650 #0 - ASIENTO SECUNDARIO DE MATERIA - TERMINO TEMATICO [R] |
| Término temático o nombre geográfico como elemento de entrada [NR] |
Escala de severidad |
| 9 (RLIN) |
32126. |
| 650 #0 - ASIENTO SECUNDARIO DE MATERIA - TERMINO TEMATICO [R] |
| Término temático o nombre geográfico como elemento de entrada [NR] |
Pudrición del cogollo |
| 9 (RLIN) |
30852. |
| 650 #0 - ASIENTO SECUNDARIO DE MATERIA - TERMINO TEMATICO [R] |
| Término temático o nombre geográfico como elemento de entrada [NR] |
Tumaco |
| 9 (RLIN) |
31078. |
| 650 #0 - ASIENTO SECUNDARIO DE MATERIA - TERMINO TEMATICO [R] |
| Término temático o nombre geográfico como elemento de entrada [NR] |
Palma de aceite |
| 9 (RLIN) |
37678. |
| 700 1# - ASIENTO SECUNDARIO - NOMBRE PERSONAL [R] |
| Nombre personal [NR] |
Martínez L., Gerardo |
| 9 (RLIN) |
33358. |
| 700 1# - ASIENTO SECUNDARIO - NOMBRE PERSONAL [R] |
| Nombre personal [NR] |
Sarria, Greicy A. |
| 9 (RLIN) |
41330. |
| 700 1# - ASIENTO SECUNDARIO - NOMBRE PERSONAL [R] |
| Nombre personal [NR] |
Torres, Gabriel A. |
| 9 (RLIN) |
41331. |
| 700 1# - ASIENTO SECUNDARIO - NOMBRE PERSONAL [R] |
| Nombre personal [NR] |
Varón, Francia |
| 9 (RLIN) |
41332. |
| 773 0# - ASIENTO DEL ITEM FUENTE [R] |
| Asiento principal [NR] |
Fitopatología Colombiana |
| Información sobre la relación [R] |
v. 32, no. 2 (Febrero 2009), p.35-38 |
| Número de control del registro [R] |
A- |
| Número Internacional Normalizado para Publicaciones Seriadas - ISSN [NR] |
0120-0143 |
| 942 ## - ELEMENTOS DE ENTRADA AGREGADOS (KOHA) |
| Sistema de clasificación |
Local |
| Tipo de ítem principal el descrito en 300a |
Artículo |
| 999 ## - NÚMEROS DE SISTEMAS DE CONTROL (KOHA) |
| Koha biblionumber |
26554 |
| 999 ## - NÚMEROS DE SISTEMAS DE CONTROL (KOHA) |
| Registro cosechable |
Si |